Haute-Marne - mort subite - Statistiques

Statistiques générales
  • Ce quiz a été pris 22 fois
  • Le résultat moyen est 7 sur 18
Answers on the Grid
Answers color-coded by a green-red scale on the quiz's grid according to % correct below.
Euro Disney
Souffelweyersheim
Lunéville
Malakoff
Un site de patrimoine mondial UNESCO
Chaumont
L'ancienne province de Champagne
L'ancienne province de Bourgogne
Gand
Joinville
Le lieu de naissance de Diderot
Naltchik
Le lac artificiel le plus grand de France
Guyancourt
Malakal
L'ancienne résidence de Voltaire
Une station thermale
L'ancienne résidence de Charles de Gaulle
Briis-sous-Forges
Bertoua
L'ancienne province de Franche-Comté
Isparta
Le lieu où les guerres de Religion ont commencé
L'ancienne province d'Alsace
L'ancienne principauté de Joinville
Saint-Dizier
L'ancienne province de Lorraine
Langres
Carnot
Le site où le traité de Chaumont a été signé
Tamale
Liberia
Luque
Une frontière avec l'Aube
Une ville qui a donné son nom a une ville brésilienne de 660 000 habitants
Machiques
 
Statistiques - réponses
Réponse % Correct
Chaumont
88%
Joinville
53%
Langres
53%
Langres Le lieu de naissance de Diderot
53%
Saint-Dizier
53%
Colombey-les-Deux-Églises L'ancienne résidence de Charles de Gaulle
47%
Un traité signé par les poivoirs alliés contre Napoléon Le site où le traité de Chaumont a été signé
47%
Une frontière avec l'Aube
47%
L'ancienne principauté de Joinville
41%
L'ancienne province de Champagne
41%
Bourbonne-les-Bains Une station thermale
41%
Lac du Der-Chantecoq Le lac artificiel le plus grand de France
29%
L'ancienne province de Lorraine
24%
L'ancienne province de Franche-Comté
18%
Château de Cirey L'ancienne résidence de Voltaire
18%
L'ancienne province de Bourgogne
12%
Wassy Le lieu où les guerres de Religion ont commencé
6%
Une ville qui a donné son nom a une ville brésilienne de 660 000 habitants
6%
Aucun quiz correspondant
Distribution des résultats
% des personnes avec chaque résultat
Percentile par nombre de réponses
Votre historique - résultats
Vous n’avez pas pris ce quiz